Przystanki tramwajowe w Bydgoszczy - 2024 - Statystyki

Ogólne statystyki
  • Ten quiz został rozwiązany 264 razy
  • Średni wynik to 41 z 76
Statystyki odpowiedzi
Odpowiedź % Poprawnych
Rondo Jagiellonów
80%
Garbary
77%
Wilczak
76%
Focha/Opera
75%
Rondo Fordońskie
75%
Dworzec Główny
74%
Bielawy
72%
Dworzec Autobusowy
71%
Plac Praw Kobiet
71%
Niepodległości (Pętla)
70%
Kapuściska
69%
Łoskoń
69%
Niepodległości
69%
Dworzec Wschód
67%
Fordońska/Bałtycka
67%
Fordońska/Wyścigowa
67%
Glinki
66%
Jagiellońska/Łużycka
66%
Bajka
65%
Fordońska/Fabryczna
65%
Rondo Grunwaldzkie
65%
Rondo Toruńskie
65%
Rycerska
65%
Most Kazimierza Wielkiego
64%
Plac Wolności
63%
Szarych Szeregów
62%
Gdańska/Chodkiewicza
61%
Łęgnowo
61%
Zbożowy Rynek
61%
Rondo Kujawskie P+R
60%
Las Gdański P+R
59%
Wojska Polskiego/Kładka
59%
Chodkiewicza/Gdańska
58%
Toruńska/Perłowa
58%
Dworcowa/Matejki
57%
Perłowa
56%
UKW
55%
Wzgórze Wolności
55%
Akademicka/Rejewskiego
54%
Gdańska/Cieszkowskiego
54%
Nakielska/Słoneczna
54%
Toruńska/Filmowa
54%
Wojska Polskiego/Ujejskiego
54%
Wyżyny
54%
Plac Teatralny
52%
Stadion Zawisza
51%
Akademicka/Igrzyskowa
50%
Wojska Polskiego/Prezydenta Lecha Kaczyńskiego
50%
Andersa/Kleeberga
48%
Chodkiewicza/Lelewela
48%
Przylesie P+R
48%
Stomil
48%
Akademicka/Kaliskiego
47%
Akademicka/Romanowskiej
47%
Andersa/Wolna
47%
Gdańska/Artyleryjska
47%
Nakielska/Stawowa
47%
Babia Wieś
46%
Wojska Polskiego/Baczyńskiego
44%
Kazimierza Wielkiego
43%
Andersa/Gieryna
42%
Nakielska/Wrocławska
42%
Nakielska/Wrzesińska
41%
Gdańska/Powstańców Warszawy
40%
Chodkiewicza/Paderewskiego
38%
Hutnicza/Nowotoruńska
37%
Szpitalna/Łomżyńska
37%
Toruńska/Zajezdnia Tramwajowa
37%
Szpitalna/Solna
35%
Toruńska/Tor Awaryjny
35%
Toruńska/Stomil Brama
34%
Toruńska/Żupy
33%
Toruńska/Hala
31%
Toruńska/Sporna
30%
Toruńska/Kielecka
27%
Toruńska/Równa
25%
Nie znaleziono quizów pasujących do podanych kryteriów
Rozkład punktacji
Procent ludzi z każdym wynikiem
Percentyl według liczby udzielonych odpowiedzi
Twoja historia wyników
Nie rozwiązałeś tego quizu